000
00345nam a22000977a 4500
100
_a
जीवनदास,आचार्य मुकुन्द
_9
81193
245
_a
ध्यान क्रियाएं
260
_a
दिल्ली
_b
मोहन ब्रादर्स
_c
2019
650
_a
मेडिकल
942
_c
HIN
999
_c
64458
_d
64458